| 000 | 00409nam a22001577a 4500 | ||
|---|---|---|---|
| 003 | SGT | ||
| 020 | _a9781543345957 | ||
| 082 |
_a612.015 _bB22L |
||
| 100 | _aLOVHARE, RAHUL.B. | ||
| 245 | _aA TEXT BOOK OF BIOCHEMISTRY & CLINICAL PATHOLOGY | ||
| 260 |
_aPUNJAB _bS. VIKASH & COMPANY _c2022 |
||
| 300 | _a181 | ||
| 650 | _aPATHOLOGY | ||
| 653 | _a BIOCHEMISTRY , CLINICAL , PATHOLOGY | ||
| 942 |
_2ddc _cGF BOOKS |
||
| 999 |
_c33295 _d33295 |
||